000 01114nam a2200289 i 4500
003 DO-SdBNP
005 20240305073656.0
007 ta
008 110413s1973 dr ab 000 0 spa d
040 _aDO-SdBNP
_bspa
_cBNPHU
_erda
082 _a370.11
_bD671c
_222
100 1 _aDomingo Puello, Magin A.
_912719
245 1 0 _aCiencias Naturales, curso 1ro.:
_belementos de ciencias físico - químicas y biológicas /
_cMagin a. Domingo Puello, Hernan A. Cruz
264 1 _aSanto Domingo :
_bEdiciones Pedagógicas Dominicanas,
_c1971.
300 _a130 páginas
_bilustraciones, mapas
_c26 cm.
336 _2rdacontent
_atexto
_btxt
337 _2rdamedia
_asin mediación
_bn
338 _2rdacarrier
_avolumen
_bnc
500 _aDe acuerdo al nuevo programa oficial vigente para el primer curso de educación media (plan de reforma)
590 _aInventariado, 2023/ YL
650 4 _aReflexión
_xFilosofía
_983873
650 4 _aPsicología del aprendizaje
_92721
650 4 _aValores
_xFilosofía
_983874
700 1 _aSilié, Rubén,
_d1946-
_eAutor
_91421
910 _aYLockward
942 _2ddc
_cLBS1
999 _c54409
_d54409